[Event "33. Senioren LEM Sachsen-Anhalt 65+"]
[Site "Maritim-Hotel Magdeburg"]
[Date "2025.07.07"]
[Round "1.54"]
[White "Albert, Gerhard"]
[Black "Geibel, Henning"]
[Result "1-0"]
[WhiteElo "1875"]
[BlackElo "1571"]
[PlyCount "135"]
[EventDate "2025.07.07"]
[WhiteTeam "Hamelner SV"]
[BlackTeam "Ahrensburger TSV"]

1. e4 e5 2. Nf3 d6 3. Nc3 Bg4 4. h3 Bh5 5. Bc4 Nf6 6. d3 h6 7. Be3 a6 8. a4 c6
9. Ba2 Nbd7 10. g4 Bg6 11. Qe2 Be7 12. O-O b5 13. a5 c5 14. Nd5 O-O 15. Nh2
Nxd5 16. Bxd5 Rb8 17. f4 exf4 18. Bxf4 Bf6 19. Bxd6 Bxb2 20. Ra2 Bd4+ 21. Kh1
Ne5 22. Bxf8 Qxf8 23. Nf3 Qd6 24. Nh4 Qe7 25. Nf5 Bxf5 26. Rxf5 Qh4 27. Qf1 Rf8
28. Kg2 Qe7 29. Qe1 Ng6 30. Rf1 Qe5 31. Qg3 Qg5 32. Kh1 Be5 33. Qf3 Nf4 34. c4
bxc4 35. Bxc4 Qh4 36. Rh2 Qf6 37. h4 Qd6 38. Rd2 Ne6 39. Bxe6 Qxe6 40. Rb1 Bc3
41. Rc2 Bd4 42. Rb6 Qc8 43. Kg2 Be5 44. Qf5 Qc7 45. Qf3 Qd8 46. Kh3 g5 47. Rxa6
gxh4 48. Rxh6 Qg5 49. Rh5 Qe7 50. Qf5 f6 51. Rxc5 Bd6 52. Rd5 Rf7 53. Qc8+ Rf8
54. Qc4 Rf7 55. a6 Kg7 56. Qd4 Be5 57. Rdxe5 fxe5 58. Qxe5+ Qxe5 59. Rxe5 Rf3+
60. Kxh4 Rxd3 61. Ra5 Rd8 62. a7 Ra8 63. Kg5 Kf7 64. e5 Ke6 65. Kf4 Ke7 66. Ra6
Kf7 67. Kf5 Ke7 68. g5 1-0

[Event "33. Senioren LEM Sachsen-Anhalt 65+"]
[Site "Maritim-Hotel Magdeburg"]
[Date "2025.07.07"]
[Round "1.55"]
[White "Gehlen, Bernd"]
[Black "Zerfass, Otfried"]
[Result "1-0"]
[WhiteElo "1531"]
[BlackElo "1875"]
[PlyCount "33"]
[EventDate "2025.07.07"]
[WhiteTeam "SVG Saarbruecken 1970"]
[BlackTeam "UNION 1861 Schoenebeck"]

1. e4 d6 2. d4 Nf6 3. Nc3 Nbd7 4. Nf3 e5 5. Be2 Be7 6. O-O c6 7. h3 Qc7 8. d5
O-O 9. Bg5 h6 10. Be3 a6 11. Qd2 b5 12. a3 Bb7 13. Bd3 cxd5 14. exd5 Nb6 15.
Bxh6 Nbxd5 16. Bxg7 Nxc3 17. Qh6 1-0

[Event "33. Senioren LEM Sachsen-Anhalt 65+"]
[Site "Maritim-Hotel Magdeburg"]
[Date "2025.07.07"]
[Round "1.56"]
[White "De Boer, Albert"]
[Black "Langbein, Wolfgang"]
[Result "1-0"]
[WhiteElo "1865"]
[BlackElo "1531"]
[PlyCount "95"]
[EventDate "2025.07.07"]
[BlackTeam "PSV Ribnitz-Damgarten"]

1. e4 e5 2. Nf3 d6 3. d4 exd4 4. Nxd4 Nf6 5. Nc3 Be7 6. Be2 Bd7 7. Be3 Nc6 8.
f3 a6 9. a4 Nxd4 10. Bxd4 Be6 11. O-O O-O 12. Qe1 c6 13. Rd1 Qc7 14. Qf2 Nd7
15. Rfe1 Bf6 16. f4 Bxd4 17. Qxd4 d5 18. f5 c5 19. Qd2 d4 20. fxe6 fxe6 21. Bc4
Rf6 22. Ne2 Ne5 23. b3 Rg6 24. Rf1 Nxc4 25. bxc4 e5 26. a5 Qc6 27. Ng3 Qe6 28.
Rb1 Qd7 29. Rb3 Rb8 30. Rbf3 Qe6 31. Qf2 h6 32. Rf8+ Rxf8 33. Qxf8+ Kh7 34.
Qxc5 Qe8 35. Qb4 Qc6 36. Rf7 b5 37. axb6 Qxb6 38. Qxb6 Rxb6 39. Nf5 Rg6 40. Ra7
h5 41. Kf2 Rg5 42. Rxa6 g6 43. Ra7+ Kh8 44. Nd6 Rg4 45. c5 Rf4+ 46. Ke2 g5 47.
c6 Rf8 48. c7 1-0

[Event "33. Senioren LEM Sachsen-Anhalt 65+"]
[Site "Maritim-Hotel Magdeburg"]
[Date "2025.07.07"]
[Round "1.57"]
[White "Konig, Jon"]
[Black "Stummeyer, Dieter"]
[Result "0-1"]
[WhiteElo "1505"]
[BlackElo "1865"]
[PlyCount "58"]
[EventDate "2025.07.07"]
[BlackTeam "SG Garbsen/Marienwerder"]

1. e4 c5 2. g3 Nc6 3. Bg2 g6 4. Ne2 Bg7 5. O-O d6 6. c3 e5 7. d3 Nge7 8. Be3
O-O 9. Na3 Be6 10. Nc2 Qb6 11. b3 Rfd8 12. Rc1 d5 13. exd5 Nxd5 14. Qd2 Rd7 15.
Rfd1 Rad8 16. Ne1 f5 17. Qc2 Rf8 18. Bxd5 Bxd5 19. b4 Qc7 20. Bxc5 Rc8 21. b5
Nd8 22. Bb4 f4 23. c4 Be6 24. Nc3 Bg4 25. Rd2 fxg3 26. hxg3 Bh6 27. f3 Bxd2 28.
Qxd2 Bf5 29. Nd5 Rxd5 0-1